000 02262nam a22004097a 4500
001 0065994
003 KOHA_MİRAKIL
005 20260207004624.0
007 ta
008 210304b1993 tu a|||gr||||#0|||0|tur |
040 _aTR-BiSEU
_btur
_cTR-BiSEU
_erda
041 0 _atur
044 _ctu
050 _aG460
_b.E95 1993
100 0 _aEvliya Çelebi.
240 1 0 _aThe seyahatname of Evliya Çelebi : facsimile of Topkapı Sarayı Bağdat 304
_lTürkçe
245 1 _aEvliya Çelebi seyahatnamesi :
_bTopkapı Sarayı Bağdat 304 yazmasının tıpkıbasımı =
_bThe seyahatname of Evliya Çelebi :
_bfacsimile of Topkapı Sarayı Bağdat 304/
_cEvliya Çelebi ; Evliya Çelebi; giriş Fahir İz; yayınlayanlar Şinasi Tekin, Gönül Alpay Tekin.
264 1 _a[Cambridge, Massachusetts :
_bHarvard Üniversitesi Yakındoğu Dilleri ve Medeniyetleri Bölümü
_c1993
300 _a3 cilt :
_btıpkıbasım ;
_c28 cm.
336 _ametin
_btxt
_2rdacontent
337 _aaracısız
_bn
_2rdamedia
338 _acilt
_bnc
_2rdacarrier
490 1 _aDoğu dilleri ve edebiyatlarının kaynakları ;
_v11-12, 19.
490 1 _a Türkçe kaynaklar ;
_v9-10, 17 =
_a Sources of Oriental languages and literatures ;
_v11, 12 19.
490 1 _a Turkish sources ;
_v9, 17
505 _aİçindekiler : c.1 Istanbul, Topkapı Sarayı Bağdat 304 yazmasının tıpkıbasımı, 1.cüz: v. 1a-106a-- c.2 İstanbul, Dizin, Topkapı Sarayı Bağdat 304 yazmasının tıpkıbasım neşrine göre hazırlanmıştır 1. cüz: A-Ğ -- c.3 Istanbul, Topkapı Sarayı Bağdat 304 yazmasının tıpkıbasımı, 2.cüz: v. 106b-217b.
650 0 _aEvliya Çelebi, 1611? -1682?--Yolculuklar--Türkiye.
_9124303
650 0 _aİstanbul (Türkiye)--Açıklama ve seyahat.
_9124304
650 0 _aEvliya Çelebi, 1611-1682--Journeys.
_926787
650 0 _aVoyages and travels--Early works to 1800.
_913858
650 0 _aIstanbul (Turkey)--Description and travel.
_926976
830 1 _aDoğu dilleri ve edebiyatlarının kaynakları ;
_v11-12, 19.
_985097
830 1 _a Türkçe kaynaklar ;
_v9-10, 17 =
_a Sources of Oriental languages and literatures ;
_v11, 12 19.
_9124189
830 1 _a Turkish sources ;
_v9, 17
_9124190
907 _aSeyahatname
942 _2lcc
_cBK
999 _c66377
_d66377